000 00632nam a2200229 i 4500
001 C2-0223722
003 PPAK
005 20180728152502.0
008 000302s1973 enka|||| ||||| | eng d
040 _aPPAK
_beng
_cPPAK
_erda
082 0 4 _a823
_223
090 0 0 _a823
_bHIL
_dKSA
100 1 _aHill, Susan,
_eauthor
245 1 2 _aA bit of singing and dancing
264 1 _aGreat Britian :
_bHamish Hamilton ,
_c1973
300 _a186 pages :
_billustrations ;
_c18 cm
336 _2rdacontent
_atext
337 _2rdamedia
_aunmediated
338 _2rdacarrier
_avolume
650 1 0 _aShort stories, English
942 _ddc
_cB
999 _c144800
_d144800